Une histoire politique du Maghreb contemporain : Des années 1950 à nos jours (notice n° 2164095)

détails MARC
000 -LEADER
fixed length control field 02110cam a2200169 4500500
005 - DATE AND TIME OF LATEST TRANSACTION
control field 20260405040700.0
041 ## - LANGUAGE CODE
Language code of text/sound track or separate title fre
042 ## - AUTHENTICATION CODE
Authentication code dc
100 10 - MAIN ENTRY--PERSONAL NAME
Personal name Direche-Slimani, Karima
Relator term author
245 00 - TITLE STATEMENT
Title Une histoire politique du Maghreb contemporain : Des années 1950 à nos jours
260 ## - PUBLICATION, DISTRIBUTION, ETC.
Name of publisher, distributor, etc. Armand Colin,<br/>
Date of publication, distribution, etc. 2023.<br/>
520 ## - SUMMARY, ETC.
Summary, etc. Le Maghreb a connu ces soixante dernières années des événements majeurs qui ont bouleversé en profondeur ses structures, ses cadres institutionnels et ses sociétés. C’est plus d’un demi-siècle d’histoire qui est ici présenté, depuis les indépendances jusqu’à la période qui suit les Printemps arabes, proposant un panorama politique, culturel, économique et sociétal, afin de mettre en lumière les permanences, les évolutions et les révolutions qui ont marqué le Maghreb des dernières décennies.Les auteurs ont fait le pari d’une approche inédite, globale et transversale aux trois pays du Maghreb central (Algérie, Maroc, Tunisie) pour mieux comprendre leur histoire récente et leur actualité immédiate. Ils donnent ainsi à voir des sociétés complexes et dynamiques, entre héritages et défis sans cesse renouvelés : montée en puissance de la société civile, extrémisme religieux, captation des ressources économiques, réflexion sur le principe de démocratie, place des femmes, crise migratoire… Autant de questionsici présentées, analysées et discutées grâce à l’apport de travaux récents de spécialistes des sciences sociales, afin d’offrir des clés de lecture pertinentes d’un espace géographique et de son histoire récente. Ce premier ouvrage de synthèse sur l’histoire maghrébine depuis les indépendances participe ainsi à la compréhension des forces motrices et des dynamiques des États et des sociétés communes à ces trois pays.
700 10 - ADDED ENTRY--PERSONAL NAME
Personal name Dirèche, Karima
Relator term author
700 10 - ADDED ENTRY--PERSONAL NAME
Personal name Znaien, Nessim
Relator term author
700 10 - ADDED ENTRY--PERSONAL NAME
Personal name Dusserre, Aurélia
Relator term author
856 41 - ELECTRONIC LOCATION AND ACCESS
Uniform Resource Identifier <a href="https://shs.cairn.info/histoire-du-maghreb-depuis-les-independances--9782200631796?lang=fr&redirect-ssocas=7080">https://shs.cairn.info/histoire-du-maghreb-depuis-les-independances--9782200631796?lang=fr&redirect-ssocas=7080</a>

Pas d'exemplaire disponible.

PLUDOC

PLUDOC est la plateforme unique et centralisée de gestion des bibliothèques physiques et numériques de Guinée administré par le CEDUST. Elle est la plus grande base de données de ressources documentaires pour les Étudiants, Enseignants chercheurs et Chercheurs de Guinée.

Adresse

627 919 101/664 919 101

25 boulevard du commerce
Kaloum, Conakry, Guinée

Réseaux sociaux

Powered by Netsen Group @ 2025